| 000 | 00645nam a2200229 a 4500 | ||
|---|---|---|---|
| 005 | 20260108064004.0 | ||
| 008 | 010919s1999 r 000 0 eng d | ||
| 020 | _a9582002573 | ||
| 035 | _aUPN01000111741 | ||
| 049 | _aCG | ||
| 050 | 4 |
_aLB3045.5 _bR4.6 1999 |
|
| 100 | 1 | _aRestrepo Mesa, María Consuelo | |
| 245 | 1 | 0 |
_aProducción de textos educativos / _cMaría Consuelo Restrepo Mesa. |
| 250 | _a2a ed. | ||
| 260 |
_aSanta Fé de Bogotá : _bMagisterio, _c1999. |
||
| 300 | _a274 p. | ||
| 440 | 0 | _aAula abierta | |
| 650 | 4 |
_aLibros de texto _94427 |
|
| 650 | 4 |
_aMateriales didácticos _97263 |
|
| 905 | _aLibro | ||
| 999 |
_c85649 _d85649 |
||